000 01351cam a2200265 4500
008 040524n2003 000 0 eng u
020 _a0273657593
035 _a(Sirsi) u126274
041 _aeng
050 _a650.0151
_c22
100 _aMorris, Clare
245 _aQuantitative approaches in business studies
250 _a6th ed.
260 _aHarlow
_bFT Prentice Hall
_c2003
300 _axix, 512p.
_c25cm.
350 _a33.99
520 _aAimed primarily at students, this text examines the effective use of mathematical and statistical techniques in a business context. Part one looks at the required mathematical methods and available software resources. Part two covers data collection, interpretation, presentation and summary. Part three examines drawing conclusions from statistical information, with a discussion of probability theory. Part four considers numbers as a tool of planning. A companion website providing supplementary study material is available at www.booksites.net/morris. Appendices.
650 _aSTATISTICS
650 _aSTATISTICAL TECHNIQUES
650 _aBUSINESS STUDIES
650 _aMATHEMATICS
690 _aMANAGEMENT-BUSINESS MANAGEMENT
856 _uhttps://wps.pearsoned.co.uk/ema_uk_he_morris_quantapp_7/
_zView the supplementary study material on the companion website...
942 _n0
999 _c103594
_d103594